|
|
|
|
| LEADER |
01100cam a2200289 7i4500 |
| 001 |
0000035923 |
| 005 |
20190320090000.0 |
| 007 |
##ta |
| 008 |
190320t2018 2018my eng |
| 022 |
0 |
# |
|a 19850379
|
| 040 |
# |
# |
|a MATR
|
| 090 |
0 |
0 |
|a M 641.3025
|b MAL
|
| 245 |
0 |
0 |
|a MALAYSIA Food Business Directory 2018/2019.
|
| 264 |
# |
4 |
|a ♭2018.
|
| 264 |
# |
1 |
|a Shah Alam:
|b Marshall Cavendish,
|c 2018.
|
| 300 |
# |
# |
|a 244 pages:
|b illustrations;
|c 30 cm.
|
| 336 |
# |
# |
|a text
|2 rdacontent
|
| 337 |
# |
# |
|a unmediated
|2 rdamedia
|
| 338 |
# |
# |
|a volume
|2 rdacarrier
|
| 650 |
# |
0 |
|a Food industry and trade --
|z Malaysia
|
| 650 |
# |
0 |
|a Food industry and trade --
|z Malaysia
|
| 999 |
|
|
|a JHR000459H
|b Directories
|c Malaysia
|e MATRADE Southern Regional Office
|
| 999 |
|
|
|a 0000040313
|b Directories
|c Malaysia
|e Business Information Centre
|
| 999 |
|
|
|a PNG001167H
|b Directories
|c Malaysia
|e MATRADE Northern Regional Office
|
| 999 |
|
|
|a SBH001137H
|b Directories
|c Malaysia
|e MATRADE Sabah
|
| 999 |
|
|
|a SRW000563H
|b Directories
|c Malaysia
|e MATRADE Sarawak
|
| 999 |
|
|
|a TRG000447H
|b Directories
|c Malaysia
|e MATRADE Eastern Regional Office
|